Statistics for U.S States With the Letter A

Click here to take the quiz!

General Stats

  • This quiz has been taken 64 times
  • The average score is 35 of 36

Answer Stats

U.S States% Correct
Alabama
100%
Alaska
100%
California
100%
Florida
100%
Indiana
100%
South Carolina
100%
Arizona
98%
Georgia
98%
Kansas
98%
Louisiana
98%
North Carolina
98%
North Dakota
98%
South Dakota
98%
Utah
98%
Washington
98%
Arkansas
96%
Colorado
96%
Hawaii
96%
Idaho
96%
Montana
96%
Nebraska
96%
Delaware
95%
Maine
95%
Maryland
95%
Pennsylvania
95%
Texas
95%
Virginia
95%
West Virginia
95%
Massachusetts
93%
Minnesota
93%
Nevada
93%
New Hampshire
93%
Iowa
91%
Michigan
91%
Oklahoma
89%
Rhode Island
89%

Score Distribution

Percentile by Number Answered

Percent of People with Each Score

Your Score History

You have not taken this quiz